[Event "8e Festival de Vaujany 2017 - accession"]
[Site "?"]
[Date "2017.07.13"]
[Round "1.1"]
[White "Drillat, Michel"]
[Black "Thoue, Jean Claude"]
[Result "1/2-1/2"]
[WhiteElo "1865"]
[BlackElo "1638"]
[PlyCount "111"]
[SourceDate "2017.07.14"]

1. d4 Nf6 2. c4 g6 3. Nc3 Bg7 4. e4 d6 5. f3 O-O 6. Be3 c5 7. d5 Qa5 8. Qd2 a6
9. Bd3 b5 10. cxb5 axb5 11. Bxb5 Bd7 12. Bxd7 Nbxd7 13. Nge2 Rfb8 14. O-O Qb4
15. Rab1 Ne5 16. b3 h5 17. h3 Ned7 18. Qc2 Rc8 19. Rfc1 Qa5 20. a4 Ne8 21. Kf2
Qd8 22. Nb5 Nc7 23. Nec3 Nxb5 24. Nxb5 Qa5 25. Bd2 Qb6 26. Ke2 Qa6 27. Kf2 Nb6
28. Be3 c4 29. Bxb6 Qxb6+ 30. Kf1 c3 31. Qd3 Qc5 32. Rc2 Qb4 33. g3 Rxa4 34.
Nxc3 Bxc3 35. Rxc3 Rxc3 36. bxa4 Rxd3 37. Rxb4 Rxf3+ 38. Kg2 Ra3 39. h4 Kg7 40.
Kh3 Kf6 41. Rc4 Ra1 42. Rb4 Ra3 43. Kg2 Ra2+ 44. Kf3 Ra3+ 45. Kg2 Ke5 46. Rb7
Kxe4 47. Rxe7+ Kxd5 48. Rxf7 Rxa4 49. Rg7 Rg4 50. Kf3 Ke6 51. Ra7 d5 52. Ra6+
Ke5 53. Ra5 Kd6 54. Ra6+ Ke5 55. Ra5 Kd6 56. Ra6+ 1/2-1/2

[Event "8e Festival de Vaujany 2017 - accession"]
[Site "?"]
[Date "2017.07.13"]
[Round "1.2"]
[White "Salvi, Michel"]
[Black "David, Pierre Yves"]
[Result "0-1"]
[WhiteElo "1630"]
[BlackElo "1830"]
[PlyCount "85"]
[SourceDate "2017.07.14"]

1. e4 d5 2. exd5 Nf6 3. d4 Bg4 4. Be2 Bxe2 5. Nxe2 Qxd5 6. O-O Nc6 7. Nbc3 Qh5
(7... Qa5 8. Bf4 O-O-O 9. Bg3 e5 10. d5 Nb4 11. Re1 Nbxd5 12. Qd3 Nb4 13. Qc4
Nc6 14. b4 Bxb4 15. Rab1 Bc5 16. Rxb7 Kxb7 17. Rb1+ Bb6 18. a4 Rd2 19. Qb5 Rhd8
20. h3 Nd7) 8. Bf4 O-O-O 9. Bg3 e5 10. d5 Nb4 11. Re1 Nbxd5 12. Qd3 Nb4 13. Qc4
Nc6 14. b4 Bxb4 15. Reb1 Bc5 16. Rxb7 Kxb7 17. Rb1+ Bb6 18. a4 Rd2 19. Qb5 Rhd8
20. h3 Nd7 21. a5 Nxa5 22. Qxa5 Rxe2 23. Qd5+ Kc8 24. Nb5 Nb8 25. Nxa7+ Bxa7
26. Qb7+ Kd7 27. Qxa7 Rd2 28. Qe3 Rd1+ 29. Rxd1+ Qxd1+ 30. Kh2 Nc6 31. Qg5 Qxc2
32. Qg4+ Ke8 33. f4 Qg6 34. Qe2 e4 35. Qb5 Rd3 36. Be1 Qd6 37. Qf5 e3 38. Qc8+
Nd8 39. Qf5 Ne6 40. Qb5+ Qd7 41. Qb8+ Nd8 42. Qb1 Qd5 43. Qb2 0-1

[Event "8e Festival de Vaujany 2017 - accession"]
[Site "?"]
[Date "2017.07.13"]
[Round "1.3"]
[White "Billotti, Romain"]
[Black "Tonnaire, Romain"]
[Result "1-0"]
[WhiteElo "1828"]
[BlackElo "1628"]
[PlyCount "123"]
[SourceDate "2017.07.14"]

1. d4 c5 2. e3 e6 3. c4 Nf6 4. Nf3 d6 5. Nc3 Nc6 6. Be2 Be7 7. O-O O-O 8. b3
Qc7 9. Bb2 a6 10. a3 Rd8 11. Qc2 cxd4 12. exd4 b6 13. Rad1 d5 14. Ne5 Nxd4 15.
Rxd4 Qxe5 16. Na4 Qc7 17. Bd3 e5 18. Rh4 e4 19. Be2 Bb7 20. Bd4 Nd7 21. Rg4 f6
22. Qb2 Rac8 23. cxd5 Bxd5 24. Bxa6 Ra8 25. Bb5 Nc5 26. Rc1 Qa7 27. Nxc5 bxc5
28. Bxf6 Bxf6 29. Qxf6 Rf8 30. Qe5 Bxb3 31. Qg3 Qf7 32. a4 Bd5 33. Rxc5 Ra7 34.
h3 Kh8 35. Qe3 Re7 36. Rg3 h6 37. Qd2 Ba8 38. Bc4 Qf6 39. Rc3 Qb6 40. Bb5 Qa7
41. Rc8 Ref7 42. Rxf8+ Rxf8 43. Qe3 Qf7 44. Bc6 Qa2 45. Bxa8 Rxa8 46. Ra3 Qb1+
47. Kh2 Qb4 48. a5 Rxa5 49. Rxa5 Qxa5 50. Qxe4 Qc7+ 51. f4 Qb8 52. h4 Qf8 53.
Kh3 Qf6 54. g3 Qd6 55. Qf3 Qf6 56. g4 Kh7 57. Kg3 Qd6 58. g5 Qe6 59. f5 Qe1+
60. Kh3 Qe5 61. g6+ Kg8 62. Qa8+ 1-0

[Event "8e Festival de Vaujany 2017 - accession"]
[Site "?"]
[Date "2017.07.13"]
[Round "1.4"]
[White "Cool, Tristan"]
[Black "Shin , Jae Yeol"]
[Result "1-0"]
[WhiteElo "1623"]
[BlackElo "1824"]
[PlyCount "97"]
[SourceDate "2017.07.14"]

1. Nf3 Nc6 2. g3 e5 3. d3 Nf6 4. Nbd2 Bc5 5. c3 Ng4 6. e3 d5 7. h3 Nf6 8. e4
dxe4 9. dxe4 O-O 10. Qc2 Be6 11. Bg2 a6 12. O-O Nh5 13. Kh2 Qf6 14. Nb3 Bc4 15.
Nxc5 Bxf1 16. Nd7 Qd6 17. Nxf8 Bxg2 18. Kxg2 Rxf8 19. Be3 Nf6 20. Rd1 Qe6 21.
b3 a5 22. Bc5 Re8 23. Ng5 Qc8 24. Rd3 b6 25. Ba3 h6 26. Nf3 Nxe4 27. Qe2 Nf6
28. Re3 e4 29. Nd2 Qf5 30. Bb2 Nd5 31. Rxe4 Rxe4 32. Qxe4 Qg5 33. Qe8+ Kh7 34.
Nf3 Qg6 35. Nh4 Qf6 36. Qe4+ g6 37. Qxd5 Ne7 38. Qd4 Qc6+ 39. Nf3 Nf5 40. Qe5
f6 41. Qe2 g5 42. Qd3 Kg6 43. g4 Kg7 44. Qxf5 Qe8 45. c4 Qf7 46. Nd4 c5 47.
Ne6+ Kg8 48. Qxf6 Qb7+ 49. f3 1-0

[Event "8e Festival de Vaujany 2017 - accession"]
[Site "?"]
[Date "2017.07.13"]
[Round "1.5"]
[White "Arcusa, Michel"]
[Black "Piceu, Jarid"]
[Result "1-0"]
[WhiteElo "1816"]
[BlackElo "1619"]
[PlyCount "133"]
[SourceDate "2017.07.14"]

1. Nf3 d5 2. g3 c5 3. Bg2 Nf6 4. O-O Nc6 5. c4 d4 6. Qa4 Bd7 7. e3 e5 8. exd4
cxd4 9. Re1 Bd6 10. Qb5 a6 11. Qxb7 Na5 12. Nxe5 O-O 13. Qxa8 Qxa8 14. Bxa8
Rxa8 15. Nxd7 Nxd7 16. d3 Ne5 17. Rd1 Nb7 18. f4 Nc6 19. Bd2 Nc5 20. Be1 Rb8
21. b3 g6 22. Kg2 Kg7 23. Kf3 f6 24. h3 a5 25. Na3 Nxd3 26. Nb5 Nxe1+ 27. Rxe1
Bb4 28. Re6 Nd8 29. Ra6 Nb7 30. Nxd4 Nc5 31. Ne6+ Nxe6 32. Rxe6 Rd8 33. Re2
Rd3+ 34. Kg2 Kf7 35. Rc1 Rd6 36. Rec2 f5 37. Re2 Kf8 38. Rcc2 Kf7 39. Re5 Ra6
40. Rce2 Rb6 41. Rb5 Re6 42. Rb7+ Be7 43. Rxe6 Kxe6 44. Ra7 Bb4 45. Rxh7 Bc5
46. Kf3 Bb4 47. Ra7 Bc3 48. Ra6+ Kf7 49. a3 Bd2 50. g4 fxg4+ 51. hxg4 Bc3 52.
Ke4 Bd2 53. f5 g5 54. Kd5 Bc3 55. Kc5 Bd2 56. Kb5 Bc3 57. Rg6 Bd2 58. a4 Ke7
59. Re6+ Kd7 60. Kc5 Kc7 61. Re7+ Kd8 62. Rh7 Ke8 63. Kd6 Kf8 64. Ke6 Kg8 65.
Rd7 Be3 66. Kf6 Kh8 67. Kg6 1-0

[Event "8e Festival de Vaujany 2017 - accession"]
[Site "?"]
[Date "2017.07.13"]
[Round "1.6"]
[White "Heckly, Jean Louis"]
[Black "Koltai, Daniel"]
[Result "0-1"]
[WhiteElo "1610"]
[BlackElo "1812"]
[PlyCount "60"]
[SourceDate "2017.07.14"]

1. e4 c5 2. Nf3 d6 3. d4 cxd4 4. Nxd4 Nf6 5. Nc3 g6 6. f3 Bg7 7. Be3 O-O 8. Qd2
Nc6 9. O-O-O d5 10. Nxc6 bxc6 11. exd5 Nxd5 12. Nxd5 cxd5 13. Bh6 Bxh6 14. Qxh6
Qa5 15. a3 Rb8 16. Rd4 Qe1+ 17. Rd1 Qe5 18. c3 Bf5 19. Bd3 Rfc8 20. Bxf5 Qxf5
21. Qd2 Rb3 22. Qd3 Qf4+ 23. Qd2 Qb8 24. Rhe1 Rcxc3+ 25. Qxc3 (25. bxc3 Rb1+
26. Kc2 Rb2+ 27. Kc1 Rxd2 28. Rxd2 Qb3 29. Rxe7 Qxc3+ 30. Kd1 (30. Rc2 Qxa3+
31. Kd1 Qxe7) 30... Qxa3 31. Re8+ Kg7) 25... Rxc3+ 26. bxc3 Qb3 27. Kd2 Qb2+
28. Kd3 Qxg2 29. Ke3 Qxh2 30. Rxd5 Qb2 0-1

[Event "8e Festival de Vaujany 2017 - accession"]
[Site "?"]
[Date "2017.07.13"]
[Round "1.7"]
[White "Skomorokhina, Ekaterina"]
[Black "Meyer, Nicolas"]
[Result "1-0"]
[WhiteElo "1812"]
[BlackElo "1604"]
[PlyCount "83"]
[SourceDate "2017.07.14"]

1. d4 d5 2. Bf4 e6 3. Nf3 f5 4. e3 Nf6 5. Be2 c6 6. O-O Be7 7. c4 O-O 8. Nc3
Ne4 9. h3 Nd7 10. Nxe4 fxe4 11. Nd2 Nf6 12. Rb1 Bd7 13. b4 Be8 14. c5 a6 15. a4
Nd7 16. b5 e5 17. Bg3 exd4 18. exd4 axb5 19. axb5 Bg6 20. bxc6 bxc6 21. Ra1 Bg5
22. f4 Bf6 23. Nb3 Rxa1 24. Qxa1 Qe7 25. f5 Be8 26. Bd6 Qf7 27. Bxf8 Qxf8 28.
Qa4 Bh4 29. Qxc6 Nf6 30. Qe6+ Bf7 31. Qb6 e3 32. c6 Bf2+ 33. Rxf2 exf2+ 34. Kf1
Qd6 35. Nd2 Bh5 36. Qb7 Bxe2+ 37. Kxe2 Nh5 38. c7 Qe7+ 39. Kd1 Qe1+ 40. Kc2 h6
41. c8=Q+ Kh7 42. Qe6 1-0

[Event "8e Festival de Vaujany 2017 - accession"]
[Site "?"]
[Date "2017.07.13"]
[Round "1.8"]
[White "El Haddad, Mesbah"]
[Black "Boulos, Jean"]
[Result "1/2-1/2"]
[WhiteElo "1589"]
[BlackElo "1808"]
[PlyCount "74"]
[SourceDate "2017.07.14"]

1. e4 e5 2. Nf3 Nc6 3. Bb5 a6 4. Ba4 Nf6 5. O-O b5 6. Bb3 Be7 7. Re1 O-O 8. c3
d6 9. h3 Na5 10. Bc2 c5 11. d4 cxd4 12. cxd4 Qc7 13. Nc3 Re8 14. Bg5 b4 15.
Bxf6 bxc3 16. Bxe7 cxb2 17. Bxd6 Qxd6 18. Rb1 Qa3 19. dxe5 Be6 20. Ng5 Bxa2 21.
Re3 Qb4 22. Qh5 h6 23. e6 Bxe6 24. Nxe6 Rxe6 25. Rf3 Re7 26. Rg3 Re6 27. Qf5 g6
28. h4 Rc8 29. e5 Rcc6 30. h5 Qd2 31. hxg6 fxg6 32. Be4 Rb6 33. Rxg6+ Rxg6 34.
Qc8+ Kg7 35. Qc7+ Kg8 36. Qc8+ Kg7 37. Qc7+ Kg8 1/2-1/2

[Event "8e Festival de Vaujany 2017 - accession"]
[Site "?"]
[Date "2017.07.13"]
[Round "1.9"]
[White "Deneyer, Frank"]
[Black "Meddouri-Bernard, Edouard"]
[Result "1/2-1/2"]
[WhiteElo "1805"]
[BlackElo "1572"]
[PlyCount "60"]
[SourceDate "2017.07.14"]

1. e4 Nf6 2. e5 Nd5 3. d4 d6 4. c4 Nb6 5. exd6 exd6 6. Nf3 Bg4 7. Be2 Be7 8.
O-O O-O 9. Nc3 Nc6 10. b3 Bf6 11. Be3 d5 12. c5 Nc8 13. h3 Bh5 14. Qd2 b6 15.
Bb5 Na5 16. g4 Bg6 17. b4 c6 18. bxa5 cxb5 19. cxb6 axb6 20. Nxb5 bxa5 21. Ne5
Nb6 22. Nxg6 Nc4 23. Qd3 hxg6 24. Bf4 Rc8 25. Na7 Ra8 26. Nb5 Rc8 27. Na7 Ra8
28. Nb5 Rc8 29. Na7 Ra8 30. Nb5 Rc8 1/2-1/2

[Event "8e Festival de Vaujany 2017 - accession"]
[Site "?"]
[Date "2017.07.13"]
[Round "1.16"]
[White "Francois-Haugrin, Said"]
[Black "Kim , Yun Seo"]
[Result "0-1"]
[WhiteElo "1515"]
[BlackElo "1763"]
[PlyCount "98"]
[SourceDate "2017.07.14"]

1. e4 c5 2. Nf3 e6 3. d4 cxd4 4. Nxd4 Nc6 5. Nb5 d6 6. c4 Nf6 7. Bg5 a6 8. N5a3
Be7 9. Nc3 O-O 10. Be2 Qc7 11. O-O b6 12. Rc1 Bb7 13. Nc2 Ne5 14. Bxf6 Bxf6 15.
Ne3 Nd7 16. Bd3 Nc5 17. f3 Bd4 18. Qd2 d5 19. Rce1 Bxe3+ 20. Qxe3 d4 21. Qxd4
Rfd8 22. Nd5 exd5 23. cxd5 Nxd3 24. Qxd3 Qc5+ 25. Kh1 Rac8 26. h3 Qd6 27. Rd1
Rc5 28. Qb3 Rb5 29. Qa4 Rxb2 30. f4 Qb4 31. Qxb4 Rxb4 32. Rfe1 f5 33. e5 Rxd5
34. Rc1 Re4 35. Rf1 Rd7 36. Rfd1 Red4 37. Re1 Re7 38. Rf1 Rd2 39. Rg1 Rxa2 40.
Rcd1 b5 41. Rd8+ Kf7 42. Rd6 b4 43. Rb6 a5 44. e6+ Kf6 45. Rd1 Bxg2+ 46. Kg1
Rxe6 47. Rb5 Bxh3 48. Rc1 Bg4 49. Kf1 Be2+ 0-1

[Event "8e Festival de Vaujany 2017 - accession"]
[Site "?"]
[Date "2017.07.14"]
[Round "2.1"]
[White "David, Pierre Yves"]
[Black "Vanhee, Lars"]
[Result "1/2-1/2"]
[WhiteElo "1830"]
[BlackElo "1717"]
[PlyCount "50"]
[SourceDate "2017.07.14"]

1. e4 d6 2. d4 Nf6 3. Nc3 Nbd7 4. Nf3 e5 5. h3 Be7 6. Bc4 h6 7. O-O c6 8. a4
Qc7 9. Re1 Nf8 10. a5 g5 11. Nh2 Ng6 12. Be2 Nf4 13. Bxf4 gxf4 14. Ng4 h5 15.
Nxf6+ Bxf6 16. dxe5 Bxe5 17. Bf3 Be6 18. Qd2 Ke7 19. Ne2 Rag8 20. Nxf4 Bc8 21.
Nd3 Bxh3 22. Nxe5 dxe5 23. Kh2 Bg4 24. Ra3 Rg7 25. Rd1 Be6 1/2-1/2

[Event "8e Festival de Vaujany 2017 - accession"]
[Site "?"]
[Date "2017.07.14"]
[Round "2.2"]
[White "Lorenter, Patrick"]
[Black "Billotti, Romain"]
[Result "0-1"]
[WhiteElo "1707"]
[BlackElo "1817"]
[PlyCount "53"]
[SourceDate "2017.07.14"]

1. e4 c5 2. Nf3 Nc6 3. Bb5 g6 4. Nc3 Bg7 5. Bxc6 dxc6 6. h3 e5 7. d3 Ne7 8. Be3
b6 9. g4 h5 10. g5 Be6 11. Qd2 Qd7 12. b3 Bxh3 13. Rh2 Bg4 14. Nh4 f6 15. f3
Be6 16. gxf6 Bxf6 17. Bg5 Bxg5 18. Qxg5 Qd4 19. Kd2 Kd7 20. Rg1 Rhg8 21. Rhg2
Raf8 22. Qe3 Bf7 23. Rg5 Qd6 24. R1g3 Qf6 25. a4 Nc8 26. Qg1 Qf4+ 27. Qe3 0-1

[Event "8e Festival de Vaujany 2017 - accession"]
[Site "?"]
[Date "2017.07.14"]
[Round "2.3"]
[White "Arcusa, Michel"]
[Black "Goubet, Alain"]
[Result "1-0"]
[WhiteElo "1706"]
[BlackElo "186"]
[PlyCount "61"]
[SourceDate "2017.07.14"]

1. f4 e5 2. d4 e4 3. e3 Ne7 4. Nc3 d5 5. Bd2 Nf5 6. Qe2 a6 7. O-O-O c5 8. g4
Nh6 9. h3 c4 10. Bg2 f5 11. gxf5 Nxf5 12. Qf2 Be7 13. Nge2 b5 14. Nxd5 Qxd5 15.
Nc3 Qd7 16. Bxe4 Bb7 17. Bxb7 Qxb7 18. e4 Nd6 19. Qf3 Nd7 20. Nd5 Nf7 21. Rhg1
Bf8 22. Ba5 Rc8 23. e5 Nd8 24. f5 Nb8 25. e6 h5 26. e7 Ndc6 27. f6 gxf6 28.
Nxf6+ Kxe7 29. Rge1+ Kf7 30. Nd7+ Kg6 31. Re6+ 1-0

[Event "8e Festival de Vaujany 2017 - accession"]
[Site "?"]
[Date "2017.07.14"]
[Round "2.4"]
[White "Koltai, Daniel"]
[Black "Pu, Linden"]
[Result "1-0"]
[WhiteElo "1812"]
[BlackElo "1701"]
[PlyCount "87"]
[SourceDate "2017.07.14"]

1. e4 d6 2. d4 Nf6 3. Nc3 Nbd7 {les trois coups les plus fréquents sont ici,
dans l'ordre,} (3... g6) (3... e5) (3... c6) 4. Be3 {les blancs ont ici une 
grande variété de coups à leur disposition: 4 f4, 4 Cg3, 4 g4, 4 Fc4, 4 g3, ...
} e5 5. Nf3 Be7 6. Bc4 h6 (6... O-O {est plus fréquent} 7. O-O c6 8. a4) 7.
dxe5 (7. Qd2 c6) 7... dxe5 8. O-O O-O 9. h3 c6 10. Qe2 Qc7 11. a3 (11. Bb3 Nc5
12. Bxc5 Bxc5 13. Nh4 Kh7 14. Rad1 g6 15. Rd3 Nh5 16. Rdd1 Qe7 17. Na4 Nf4 18.
Qc4 Qxh4 19. Nxc5 Bxh3 20. Rd7 Bxg2 21. Rxf7+ Kh8 22. f3 Rxf7 {0-1 (22) 
Kemmler,M (1879)-Schubert,G (2046) Gemuend 1999} (22... Rxf7 23. Qxf7 Ne2+ 24.
Kxg2 Qg3+ 25. Kh1 Qh3#)) 11... b5 12. Ba2 a6 13. Rad1 Bb7 14. b4 c5 15. Nd5
Nxd5 16. exd5 cxb4 17. d6 Bxd6 18. Qd2 {les noirs perdent une pièce pour 3
pions} Bxf3 19. gxf3 Nf6 20. Qxd6 Qxc2 21. Bb1 Qe2 22. Qxb4 Qxf3 23. Qh4 e4 24.
Rd4 Rae8 25. Rc1 Re5 26. Qg3 Qh5 27. Bf4 Re6 28. Ba2 Rb6 29. Bd6 Rd8 30. Rc7
Rd7 31. Rc8+ Kh7 32. Bb1 Qe2 33. Bf8 Nh5 34. Bxe4+ (34. Rxe4 Qxe4 35. Bxe4+)
34... Qxe4 35. Rxe4 Nxg3 36. fxg3 Rd2 37. Rg4 g5 38. Re4 Rf6 39. Bb4 Ra2 40.
Bc3 Rf3 41. Rh8+ Kg6 42. Rg8+ Kh5 43. Rh4+ {abandon car si} gxh4 44. g4# 1-0

[Event "8e Festival de Vaujany 2017 - accession"]
[Site "?"]
[Date "2017.07.14"]
[Round "2.5"]
[White "Juncker, Jules"]
[Black "Skomorokhina, Ekaterina"]
[Result "0-1"]
[WhiteElo "1699"]
[BlackElo "1812"]
[PlyCount "74"]
[SourceDate "2017.07.14"]

1. d4 Nf6 2. Nf3 e6 3. g3 b6 4. Bg2 Bb7 5. O-O Be7 6. c4 O-O 7. Nc3 d6 (7...
Ne4 8. Qc2 Nxc3 9. Qxc3 f5) (7... d5 8. Ne5 Nbd7) 8. Bg5 {une  variante rare} (
8. Qc2 Nbd7 9. e4) 8... Nbd7 9. Qc2 Re8 (9... c5) (9... h6) 10. Rfd1 h6 11. Bf4
Bf8 12. Rac1 a6 13. d5 e5 14. Be3 g6 15. Bh3 Nh5 16. Nh4 Bg7 17. Nxg6 fxg6 18.
Qxg6 Nhf6 19. Bxh6 Qe7 20. Bxg7 (20. Be6+ Kf8 {mais on ne voit pas comment
poursuivre l'attaque}) 20... Qxg7 21. Qxg7+ Kxg7 22. Bf5 Nf8 23. h4 Bc8 24.
Bxc8 Raxc8 25. b4 Ng6 26. c5 e4 27. Rd4 Re5 28. c6 Ne7 29. Rcd1 Rh8 30. b5 a5
31. f3 exf3 32. exf3 Rhh5 33. Kf2 Nexd5 34. g4 Nxc3 35. gxh5 Nxd1+ 36. Rxd1
Rxh5 37. Re1 Kf7 0-1

[Event "8e Festival de Vaujany 2017 - accession"]
[Site "?"]
[Date "2017.07.14"]
[Round "2.6"]
[White "Joachim, Rodny"]
[Black "Christophe Hayot, Romain"]
[Result "1/2-1/2"]
[WhiteElo "1685"]
[BlackElo "1783"]
[PlyCount "63"]
[SourceDate "2017.07.14"]

1. e4 e6 2. d4 d5 3. exd5 exd5 4. Bd3 g6 5. Nf3 Bg7 6. O-O Ne7 7. Bf4 O-O 8.
Nbd2 c5 9. c3 cxd4 10. Nxd4 a6 11. Re1 Nbc6 12. N2f3 Bg4 13. Qb3 Nxd4 14. Nxd4
Qd7 15. Qb4 Rfe8 16. f3 Bf5 17. Nxf5 Nxf5 18. Bxf5 Qxf5 19. Bg3 b5 20. Bf2 Bf8
21. Qb3 Re6 22. Rxe6 fxe6 23. Re1 Bd6 24. Qd1 Rc8 25. Qe2 Re8 26. Qd2 Qf7 27.
Bg3 Bxg3 28. hxg3 e5 29. Rd1 Rd8 30. Qg5 Re8 31. Qd2 Rd8 32. Qg5 1/2-1/2

[Event "8e Festival de Vaujany 2017 - accession"]
[Site "?"]
[Date "2017.07.14"]
[Round "2.7"]
[White "Gregorio, Santiago"]
[Black "Benezra, Esther"]
[Result "1-0"]
[WhiteElo "1776"]
[BlackElo "1691"]
[PlyCount "77"]
[SourceDate "2017.07.14"]

1. d4 e6 2. Nf3 f5 3. Nc3 Nf6 4. Bg5 (4. Bf4 Bb4 5. e3 b6 6. Ne5 d6 7. Bb5+ Bd7
8. Nxd7 Nbxd7 9. Qf3 O-O 10. O-O Bxc3 11. bxc3) 4... Bb4 5. e3 b6 6. Ne5 d6 7.
Bb5+ Bd7 8. Nxd7 Nbxd7 9. Qf3 O-O 10. O-O Bxc3 11. bxc3 h6 12. Bxd7 Qxd7 13.
Bxf6 gxf6 14. c4 Kh7 15. a4 a5 16. Rfd1 e5 17. c5 Rac8 18. c6 Qe6 19. d5 e4 20.
Qh3 Qe5 21. Rd4 Rg8 22. c3 Rg4 23. Rf1 Rcg8 24. g3 f4 25. exf4 Qxf4 26. Re1 f5
27. Re3 Qg5 28. Kf1 Rb8 29. c4 Qf6 30. Rd1 Qb2 31. f3 Qc2 32. Rde1 Qxc4+ 33.
Kg1 exf3 34. Re7+ Kg8 35. Qxh6 Qd4+ 36. Kh1 Rg7 37. Re8+ Rxe8 38. Rxe8+ Kf7 39.
Qe6# 1-0

[Event "8e Festival de Vaujany 2017 - accession"]
[Site "?"]
[Date "2017.07.14"]
[Round "2.8"]
[White "Kim , Yun Seo"]
[Black "Chabaud, Mathis"]
[Result "0-1"]
[WhiteElo "1763"]
[BlackElo "1871"]
[PlyCount "48"]
[SourceDate "2017.07.14"]

1. e4 c5 2. Nf3 Nc6 3. d4 cxd4 4. Nxd4 e5 5. Nb5 d6 6. N1c3 a6 7. Na3 b5 8. Nd5
Nge7 9. c4 Nd4 10. Nc2 Nxd5 11. cxd5 Bg4 12. Qd2 Nxc2+ 13. Qxc2 Rc8 14. Qd3 Be7
15. Be2 Bd7 16. O-O O-O 17. Be3 f5 18. f3 f4 19. Bf2 Bh4 20. Rac1 Bxf2+ 21. Kh1
Be3 22. Rc3 Rxc3 23. bxc3 Qh4 24. a4 Rf6 0-1

[Event "8e Festival de Vaujany 2017 - accession"]
[Site "?"]
[Date "2017.07.14"]
[Round "2.9"]
[White "David, Iris"]
[Black "De Muyser, Xavier"]
[Result "0-1"]
[WhiteElo "1668"]
[BlackElo "1751"]
[PlyCount "52"]
[SourceDate "2017.07.14"]

1. d4 Nf6 2. c4 e5 3. d5 Bc5 4. e3 a5 5. Nf3 d6 6. Be2 O-O 7. O-O c6 8. Nc3 Na6
9. Nd2 cxd5 10. cxd5 Nb4 11. e4 Nd7 12. Na4 Ba7 13. Nc4 b5 14. Nxd6 bxa4 15.
Nxc8 Rxc8 16. Bb5 Bd4 17. a3 Nc2 18. Rb1 Bb6 19. Bxa4 Nd4 20. Qh5 f5 21. exf5
Rxf5 22. Qg4 Nf6 23. Qh3 Rh5 24. Qd3 e4 25. Qd1 Qd6 26. h3 Rxh3 0-1

[Event "8e Festival de Vaujany 2017 - accession"]
[Site "?"]
[Date "2017.07.14"]
[Round "2.10"]
[White "Weisz, Jacques"]
[Black "Gallet, Gilles"]
[Result "1/2-1/2"]
[WhiteElo "1745"]
[BlackElo "1665"]
[PlyCount "61"]
[SourceDate "2017.07.14"]

1. d4 d5 2. c4 c6 3. Nc3 e5 4. cxd5 cxd5 5. e3 exd4 6. Qxd4 Nf6 7. Nf3 Nc6 8.
Qd1 Be7 9. Be2 O-O 10. O-O a6 11. Nd4 Qd6 12. Bf3 Nxd4 13. Qxd4 Be6 14. Rd1
Rfd8 15. Bd2 Rac8 16. Be1 b5 17. Rac1 Rc4 18. Qd3 Qd7 19. Qe2 Qc8 20. Bd2 Qd7
21. b3 Rcc8 22. Nb1 Rxc1 23. Rxc1 d4 24. exd4 (24. Ba5) 24... Qxd4 25. Ba5 Rd6
26. Bc3 Qf4 27. Rd1 Rxd1+ 28. Qxd1 Bg4 29. Nd2 Bxf3 30. Qxf3 Qxf3 31. Nxf3
1/2-1/2

[Event "8e Festival de Vaujany 2017 - accession"]
[Site "?"]
[Date "2017.07.14"]
[Round "2.17"]
[White "Feger, Rodolphe"]
[Black "Dreyfus, Jacques"]
[Result "0-1"]
[WhiteElo "1399"]
[BlackElo "1712"]
[PlyCount "46"]
[SourceDate "2017.07.14"]

1. e4 e5 2. Nf3 Nc6 3. d4 exd4 4. Bc4 Bc5 5. O-O Nf6 6. e5 d5 7. exf6 dxc4 8.
Re1+ Be6 9. Ng5 Qd5 (9... Qd6 10. fxg7 Rg8 11. Ne4 Qe7 12. Bg5) 10. Nc3 Qf5 11.
Nce4 gxf6 12. Nxc5 (12. g4) 12... Qxc5 13. Nxe6 fxe6 14. Rxe6+ Kf7 15. Re4 Rae8
16. Rh4 Qf5 17. g4 Qe4 18. Bh6 Ne5 19. Rh3 Qxg4+ 20. Rg3 Qxd1+ 21. Rxd1 Rhg8
22. Kf1 Rxg3 23. fxg3 Ng4 0-1

[Event "8e Festival de Vaujany 2017 - accession"]
[Site "?"]
[Date "2017.07.14"]
[Round "2.21"]
[White "Lees, Jean-Pierre"]
[Black "El haddad"]
[Result "1-0"]
[WhiteElo "1770"]
[BlackElo "1589"]
[PlyCount "31"]
[SourceDate "2017.07.14"]

1. d4 Nf6 2. c4 g6 3. Nc3 Bg7 4. e4 d6 5. Be2 O-O 6. Bg5 Nc6 7. Qd2 (7. d5 Ne5)
7... e5 8. d5 Nd4 9. f3 Kh8 (9... c5 10. g4 h6 11. Be3 (11. Bxh6 Bxh6 12. Qxh6
Nc2+)) 10. g4 c5 11. h4 Qb6 (11... Qa5) 12. h5 Ng8 (12... h6 13. Bxf6 Bxf6 14.
Qxh6+ Kg8 15. hxg6 Nc2+ 16. Kf2 Re8 17. Qh7+ Kf8 18. Qxf7#) 13. O-O-O f6 $4 14.
hxg6 h6 15. Bxh6 Ne7 16. Bxg7+ 1-0

[Event "8e Festival de Vaujany 2017 - accession"]
[Site "?"]
[Date "2017.07.14"]
[Round "2.25"]
[White "Shin , Jae Yeol"]
[Black "Benezra, David"]
[Result "0-1"]
[WhiteElo "1824"]
[BlackElo "1418"]
[PlyCount "62"]
[SourceDate "2017.07.14"]

1. e4 c5 2. c3 e6 3. d4 d5 4. e5 Nc6 5. Nf3 Qb6 6. b3 Nge7 7. Be3 Nf5 8. Qd3 c4
9. Qd1 cxb3 10. axb3 Na5 11. Nbd2 Nxe3 12. fxe3 g6 13. Be2 Bh6 14. c4 Bxe3 15.
c5 Qb4 16. Ra4 Qc3 17. Ra3 Nc6 18. Bb5 Bd7 19. Bxc6 Bxc6 20. Ra1 Bxd4 21. Nxd4
Qxd4 22. Nf3 Qxc5 23. Ng5 Qe3+ 24. Qe2 Qxg5 25. O-O O-O 26. Rf3 a6 27. Rg3 Qf5
28. Qe3 Bb5 29. Rh3 h5 30. Rf3 Qe4 31. Qg5 Qd4+ 0-1

[Event "8e Festival de Vaujany 2017 - accession"]
[Site "?"]
[Date "2017.07.15"]
[Round "3.1"]
[White "Billotti, Romain"]
[Black "Kondratoff, Patrice"]
[Result "1-0"]
[WhiteElo "1828"]
[BlackElo "1729"]
[PlyCount "39"]
[SourceDate "2017.07.14"]

1. d4 Nf6 2. c4 c5 3. e3 e6 4. Nf3 d5 5. Nc3 cxd4 6. exd4 dxc4 7. Bxc4 Be7 8.
O-O O-O 9. d5 exd5 10. Nxd5 Nxd5 11. Qxd5 Qxd5 12. Bxd5 Rd8 13. Bb3 Nc6 14. Bg5
Bf5 15. Bxe7 Nxe7 16. Ne5 Nd5 17. Rfd1 Be6 18. Rac1 Rac8 19. g3 Kf8 20. Rxc8
1-0

[Event "8e Festival de Vaujany 2017 - accession"]
[Site "?"]
[Date "2017.07.15"]
[Round "3.2"]
[White "Masalles, Pierre"]
[Black "Koltai, Daniel"]
[Result "1-0"]
[WhiteElo "1719"]
[BlackElo "1812"]
[PlyCount "109"]
[SourceDate "2017.07.14"]

1. d4 Nf6 2. Nf3 g6 3. c4 Bg7 4. Nc3 O-O 5. e4 d6 6. Be2 e5 7. O-O Nc6 8. d5
Ne7 9. Be3 Nd7 10. b4 f5 11. Ng5 Nf6 12. f3 f4 13. Bf2 h6 14. Ne6 Bxe6 15. dxe6
c6 16. Qd2 Qc7 17. Rfd1 (17. Rab1 Rfd8 18. b5 Qc8 19. bxc6 bxc6 20. Rfd1 Kh7
21. Rb3 Ne8 22. Qb2 Qxe6 23. Rb7 Rd7 24. Rb8 Rxb8 25. Qxb8 Nf6 26. Rb1 Qg8 27.
Bxa7 Qxb8 28. Bxb8 Nc8 29. c5 d5 30. Bxe5 d4 31. Na4 d3 32. Bd1 Nh5 33. Bxg7
Nxg7 34. Nb6 Rb7 35. Rb3 Nxb6 36. cxb6 Ne6 37. a4 Nc5 38. Rb1 Na6 39. a5 c5 40.
Bb3 Nb4 41. Bc4 d2 42. Rd1 Rd7 43. a6 {1-0 (43) Pachman,L-Durao,J Munich 1958
EXT 1999 [ChessBase]}) 17... Rfd8 18. Rac1 Qc8 19. Nd5 cxd5 20. exd5 Qb8 21. c5
b6 22. Bc4 Kh7 23. c6 Qc7 24. Qd3 Rab8 25. Bh4 Nf5 26. Bf2 Ng8 27. g4 fxg3 28.
hxg3 Nge7 29. g4 Nd4 30. Bxd4 exd4 31. f4 Rg8 32. Rc2 Rbf8 33. Rf1 b5 34. Bb3
Qb6 35. Kh1 a5 36. a3 axb4 37. axb4 Ra8 38. Ba2 Ra4 39. f5 gxf5 40. gxf5 Bf6
41. Qh3 Qd8 42. c7 Qf8 43. Rff2 d3 44. Qxd3 Rxb4 45. Rh2 Rd4 46. Qf3 Rgg4 47.
Rcg2 Rgf4 48. Qh5 Rxf5 49. Bb1 Rdf4 50. Rf2 Bg5 51. Rxf4 Bxf4 52. Bxf5+ Nxf5
53. Qf7+ Qxf7 54. exf7 Kg7 55. c8=Q 1-0